Welcome to CU Library Online Public Access Catalogue (OPAC)

Economics for business (Record no. 5906)

MARC details
000 -LEADER
fixed length control field 00367nam a22001457a 4500
005 - DATE AND TIME OF LATEST TRANSACTION
control field 20250522093553.0
008 - FIXED-LENGTH DATA ELEMENTS--GENERAL INFORMATION
fixed length control field 250522b |||||||| |||| 00| 0 eng d
020 ## - INTERNATIONAL STANDARD BOOK NUMBER
International Standard Book Number HB171
Qualifying information .5 SLO
100 ## - MAIN ENTRY--PERSONAL NAME
Personal name Sloman, John
245 ## - TITLE STATEMENT
Title Economics for business
260 ## - PUBLICATION, DISTRIBUTION, ETC.
Place of publication, distribution, etc. London
Name of publisher, distributor, etc. Pearson Education
Date of publication, distribution, etc. c1998
300 ## - PHYSICAL DESCRIPTION
Extent xvi, 607p
700 ## - ADDED ENTRY--PERSONAL NAME
Personal name Sutcliffe, Mark
942 ## - ADDED ENTRY ELEMENTS (KOHA)
Source of classification or shelving scheme Library of Congress Classification
Koha item type Books
Suppress in OPAC No
999 ## -
-- 5906
-- 5906
Holdings
Withdrawn status Lost status Source of classification or shelving scheme Damaged status Not for loan Collection Home library Current library Shelving location Date acquired Total checkouts Full call number Barcode Date last seen Copy number Price effective from Koha item type
    Library of Congress Classification     Non-fiction Undergraduate Library (Christ Temple) Undergraduate Library (Christ Temple) General stacks 05/22/2025   HB171.5 SLO ULCT00002563 05/22/2025 1 05/21/2025 Books
© 2023-2024 Copyright: Central University Libraries. All Rights Reserved | Created by: Mahone Tech Office